Pays du Monde sans 2 fois ou plus la même lettre - Statistiques

Statistiques générales
  • Ce quiz a été pris 1 027 fois
  • Le résultat moyen est 36 sur 55
Statistiques - réponses
Réponse % Correct
France
97%
Chine
87%
Japon
86%
Maroc
84%
Brésil
82%
Inde
82%
Portugal
81%
Irlande
79%
Irak
78%
Iran
77%
Islande
75%
Pérou
75%
Libye
74%
Laos
73%
Mali
73%
Cuba
70%
Oman
70%
Zambie
70%
Israël
69%
Liban
69%
Soudan
67%
Syrie
66%
Chypre
65%
Croatie
65%
Kenya
65%
Népal
65%
Tchad
65%
Gabon
64%
Hongrie
64%
Niger
64%
Viêt Nam
64%
Koweït
63%
Malte
63%
Bhoutan
62%
Ukraine
62%
Tonga
61%
Brunei
59%
Bulgarie
59%
Gambie
59%
Jordanie
59%
Bahreïn
58%
Cap-Vert
57%
Somalie
57%
Autriche
56%
Roumanie
56%
Suriname
56%
Honduras
55%
Cambodge
54%
Cameroun
54%
Slovaquie
54%
Moldavie
53%
Maldives
47%
Maurice
47%
Singapour
44%
Ouzbékistan
41%
Aucun quiz correspondant
Distribution des résultats
% des personnes avec chaque résultat
Percentile par nombre de réponses
Votre historique - résultats
Vous n’avez pas pris ce quiz